[Event "Tourn. n10121"]
[Site "www.echecsemail.com"]
[Date "2019.05.12"]
[Round "1"]
[White "Yudoka"]
[Black "Seger"]
[WhiteElo "2380"]
[BlackElo "2820"]
[Result "0-1"]
[Round "1"]
1.d4 Ng8f6
2.c4 e6
3.Ng1f3 d5
4.Nb1c3 dxc4
5.e3 a6
6.Bf1xc4 b5
7.Bc4b3 Bc8b7
8.O-O c5
9.Qd1e2 Nb8d7
10.Rf1d1 Qd8c7
11.e4 cxd4
12.e5 dxc3
13.exf6 Nd7xf6
14.Nf3e5 Nf6e4
15.Bc1f4 Bf8d6
16.Ne5xf7 Bd6xf4
17.Nf7xh8 Bf4xh2
18.Kh1 Qc7e5
19.Rd1e1 Bh2g3
20.Nh8f7 Ne4xf2
21.Kg1 Bg3h2
22.Kxf2 Qe5f4
{ resign }
0-1

[Event "Tourn. n10111"]
[Site "www.echecsemail.com"]
[Date "2019.05.12"]
[Round "1"]
[White "Virgil08bv"]
[Black "Fegatux"]
[WhiteElo "2630"]
[BlackElo "2280"]
[Result "1-0"]
[Round "1"]
1.e4 e6
2.d4 d5
3.Nb1d2 Ng8f6
4.e5 Nf6d7
5.Bf1d3 b6
6.Ng1e2 Bc8a6
7.Bd3xa6 Nb8xa6
8.c3 c5
9.O-O Bf8e7
10.Ne2f4 O-O
11.Qd1g4 cxd4
12.Nf4h5 g6
13.cxd4 Kh8
14.Nh5f4 Na6b4
15.Nd2f3 Rf8g8
16.Bc1d2 a5
17.a3 Nb4a6
18.h4 Na6c7
19.Nf4e2 f5
20.exf6 Nd7xf6
21.Qg4h3 Be7d6
22.Bd2g5 Qd8e7
23.Nf3e5 Qe7g7
24.Bg5h6 Qg7e7
25.Ra1c1 Rg8e8
26.Qh3e3 Ra8c8
27.Bh6g5 Re8f8
28.Rc1c6 Nc7a8
29.Bg5xf6 Qe7xf6
30.Rc6xd6 Rf8d8
31.Rd6xd8 Rc8xd8
32.Rf1c1 { resign }
1-0

[Event "Match"]
[Site "www.echecsemail.com"]
[Date "2019.05.12"]
[Round "1"]
[White "Ditto"]
[Black "Gambitmiau"]
[WhiteElo "1810"]
[BlackElo "1860"]
[Result "0-1"]
[Round "1"]
1.e4 Nb8c6
2.Ng1f3 d5
3.exd5 Qd8xd5
4.Nb1c3 Qd5h5
5.d4 Bc8g4
6.Bf1e2 O-O-O
7.Bc1e3 e5
8.d5 Bf8b4
9.Be3d2 Bb4xc3
10.Bd2xc3 Ng8e7
11.Qd1d2 e4
12.Nf3g1 Ne7xd5
13.h3 f5
14.O-O-O Nd5xc3
15.Qd2f4 Bg4xe2
16.Rd1xd8 Rh8xd8
17.bxc3 Rd8d1
18.Kb2 Be2c4
19.Qf4e3 Qh5f7
20.f3 Bc4xa2
21.Qe3c5 Rd1b1
{ resign }
0-1

[Event "Tourn. n10115"]
[Site "www.echecsemail.com"]
[Date "2019.05.12"]
[Round "1"]
[White "Ranjachess"]
[Black "Bojan"]
[WhiteElo "1910"]
[BlackElo "2010"]
[Result "1/2-1/2"]
[Round "1"]
1.d4 d5
2.Nb1c3 e6
3.a3 h6
4.g3 Bc8d7
5.Bf1g2 c5
6.e3 Qd8a5
7.Ng1e2 b5
8.Bc1d2 c4
9.Nc3xd5 Qa5d8
10.Nd5c7 Qd8xc7
11.Bg2xa8 Nb8c6
12.Ne2c3 a6
13.O-O Ng8f6
14.Qd1f3 Bf8d6
15.Nc3e4 Nf6xe4
16.Qf3xe4 O-O
17.Ba8xc6 Bd7xc6
18.Qe4g4 Qc7e7
19.e4 Kh8
20.Rf1e1 Bc6d7
21.e5 Bd6c7
22.Bd2b4 Qe7e8
23.Bb4xf8 Qe8xf8
24.b3 cxb3
25.cxb3 Bc7b6
26.b4 f6
27.Ra1a2 Bd7c6
28.Qg4xe6 Qf8e8
29.d5 Qe8xe6
30.dxe6 Bb6d8
31.exf6 Bd8xf6
32.e7 Bc6e8
33.Ra2c2 Kg8
34.h4 Kf7
35.f4 Be8d7
36.Rc2c7 Bd7e8
37.Kh2 h5
38.Rc7a7 g6
39.Ra7xa6 Bf6c3
40.Re1e4 Bc3f6
41.Kh3 Be8d7
42.Kh2 Bd7e8
43.Re4e6 Bf6xe7
44.Ra6a7 Kxe6
45.Kg2 Be7f6
46.Kf3 Be8c6
47.Ke2 Bc6d5
48.a4 bxa4
49.Ra7xa4 Bd5c4
50.Kd2 Kf5
51.Ra4a5 Kg4
52.Ra5c5 Bc4f1
53.Rc5c6 Kf5
54.b5 Bf6d4
55.b6 Bf1g2
56.b7 Bd4a7
57.Rc6a6 Ba7b8
58.Ra6a8 Bb8xf4
59.Ke2 Bf4xg3
60.b8Q Bg3xb8
61.Ra8xb8 Bg2h3
62.Rb8b4 Kf6
63.Kf2 Bh3f5
64.Kg3 Ke5
{ draw }
1/2-1/2

[Event "Tourn. n10097"]
[Site "www.echecsemail.com"]
[Date "2019.05.12"]
[Round "1"]
[White "Cemaah"]
[Black "Ejner"]
[WhiteElo "2410"]
[BlackElo "2470"]
[Result "0-1"]
[Round "1"]
1.e4 e6
2.d4 d5
3.Nb1d2 c5
4.exd5 Qd8xd5
5.Ng1f3 cxd4
6.Bf1c4 Qd5d7
7.O-O Nb8c6
8.Nd2b3 a6
9.Nb3xd4 b5
 { time }
0-1

[Event "Tourn. n10113"]
[Site "www.echecsemail.com"]
[Date "2019.05.12"]
[Round "1"]
[White "Coolant"]
[Black "Bojan"]
[WhiteElo "2280"]
[BlackElo "1980"]
[Result "1-0"]
[Round "1"]
1.f4 Nb8c6
2.Ng1f3 b6
3.e4 f6
4.d4 e6
5.d5 exd5
6.exd5 Nc6b8
7.Bf1d3 Bc8b7
8.c4 Nb8a6
9.Bc1e3 Bf8d6
10.O-O Na6c5
11.Bd3c2 Bb7a6
12.Rf1e1 Ng8e7
13.b4 Ba6xc4
14.bxc5 bxc5
15.Nb1c3 O-O
16.Bc2b3 Bc4a6
17.Nf3d2 Ne7f5
18.Bb3c4 Nf5xe3
19.Re1xe3 Ba6xc4
20.Nd2xc4 Bd6xf4
21.Re3e4 Bf4h6
22.Ra1b1 d6
23.Qd1a4 f5
24.Re4e6 Kf7
25.Rb1b7 Kg8
26.Rb7xa7 Ra8xa7
27.Qa4xa7 Qd8g5
28.Qa7a3 g6
29.Qa3b3 Bh6g7
30.Nc3e2 f4
31.Qb3f3 Qg5f5
32.Qf3e4 Qf5f7
33.Re6e7 Qf7f6
34.Qe4e6 Rf8f7
35.Re7xf7 Qf6xf7
36.Ne2xf4 Bg7d4
37.Kf1 Kg7
38.Qe6xf7 Kxf7
39.Ke2 Ke7
40.Kd3 Kd7
41.Nf4e2 Bd4f6
42.Nc4a5 g5
43.Na5c6 h5
44.a4 Kc8
45.Kc4 Kb7
46.Kb5 h4
47.h3 Bf6b2
48.a5 Bb2f6
49.Ne2c1 Bf6c3
50.a6 Ka8
51.Kc4 Bc3d2
52.Nc1b3 Bd2e3
53.Nb3a5 Be3d2
54.Kd3 Bd2e1
55.Na5c4 { resign }
1-0

[Event "Tourn. n10046"]
[Site "www.echecsemail.com"]
[Date "2019.05.12"]
[Round "1"]
[White "Nevaeh"]
[Black "Seger"]
[WhiteElo "2669"]
[BlackElo "2760"]
[Result "0-1"]
[Round "1"]
1.Ng1f3 d5
2.g3 e6
3.Bf1g2 c5
4.c4 d4
5.O-O Nb8c6
6.e3 Ng8f6
7.d3 e5
8.exd4 exd4
9.Rf1e1 Bf8e7
10.Bc1f4 O-O
11.Nf3e5 Nc6xe5
12.Bf4xe5 Nf6g4
13.Be5f4 h6
14.Qd1e2 Rf8e8
15.h3 Ng4f6
16.Nb1d2 Be7f8
17.Qe2f3 a5
18.Re1xe8 Qd8xe8
19.Bf4xh6 Nf6h7
20.Bh6f4 g5
21.Nd2e4 gxf4
22.Qf3xf4 Ra8a6
23.Ra1e1 Qe8d8
24.h4 Ra6g6
25.Qf4b8 Qd8d7
26.Qb8f4 b6
27.Qf4b8 Rg6c6
28.Ne4g5 Nh7xg5
29.hxg5 Rc6g6
30.Qb8a8 Kg7
31.f4 Rg6e6
32.Re1e4 b5
33.cxb5 c4
34.Re4xe6 Qd7xe6
35.Qa8e4 Qe6xe4
36.Bg2xe4 c3
37.bxc3 dxc3
38.d4 Bc8e6
39.Be4c2 Be6xa2
40.Kf2 a4
41.Bc2xa4 Ba2b1
42.Ke2 c2
43.Ba4xc2 Bb1xc2
44.Kd2 Bc2e4
45.Ke3 Be4d5
46.f5 Bf8d6
47.g4 Bd6c7
48.Ke2 Bd5c4
49.Kf2 Bc4xb5
50.Kf3 Bb5c6
51.Ke3 Bc6d5
52.Kf2 Bc7f4
53.Ke2 Bf4xg5
54.Kd3 Kh6
55.Ke2 Bg5e7
56.Kf2 Be7h4
57.Kf1 Kg5
58.Ke2 Kxg4
59.Kd2 Kxf5
60.Ke3 Bh4e7
61.Kd3 Kg4
62.Ke3 f5
63.Ke2 f4
64.Kd2 f3
65.Ke3 Be7b4
66.Kd3 Kf4
67.Kc2 f2
68.Kb1 f1Q
69.Kc2 Bd5a2
{ resign }
0-1

[Event "Match"]
[Site "www.echecsemail.com"]
[Date "2019.05.12"]
[Round "1"]
[White "Jovaras"]
[Black "Jesmantiz"]
[WhiteElo "2110"]
[BlackElo "2070"]
[Result "0-1"]
[Round "1"]
1.e4 d6
2.d4 c6
3.Nb1c3 g6
4.Bc1e3 Bf8g7
5.Qd1d2 h6
6.O-O-O e6
7.f3 Ng8e7
8.g4 g5
9.h4 f6
10.hxg5 fxg5
11.f4 gxf4
12.Be3xf4 Ne7g8
13.Kb1 Nb8d7
14.Bf4xd6 Nd7b6
15.e5 Qd8d7
16.Bf1d3 Ng8e7
17.Ng1f3 Nb6d5
18.Nc3xd5 cxd5
19.Nf3h4 b6
20.Bd6xe7 Qd7xe7
21.Nh4g6 Qe7f7
22.Ng6xh8 Bg7xh8
23.Rh1xh6 Qf7g7
24.Rh6f6 Qg7e7
25.Rf6h6 Bh8g7
26.Rh6g6 Kd7
27.Qd2g5 Qe7xg5
28.Rg6xg5 Bg7h6
29.Rg5g8 Bh6e3
 { time }
0-1

[Event "Match"]
[Site "www.echecsemail.com"]
[Date "2019.05.12"]
[Round "1"]
[White "Chapi"]
[Black "Jovaras"]
[WhiteElo "2080"]
[BlackElo "2110"]
[Result "1-0"]
[Round "1"]
1.d4 d5
2.c4 c6
3.Nb1c3 e6
4.Ng1f3 dxc4
5.a4 Bf8b4
6.Bc1d2 Ng8f6
7.e3 b5
8.axb5 Bb4xc3
9.Bd2xc3 cxb5
10.b3 a5
11.bxc4 b4
12.Bc3xb4 Bc8b7
13.Bb4a3 Nb8c6
14.Bf1d3 Nc6b4
15.Bd3e2 O-O
16.Ra1b1 Bb7xf3
17.Be2xf3 Ra8b8
18.O-O Nf6d7
19.Qd1d2 Qd8b6
20.Rb1b3 Rf8d8
21.Rf1b1 Nd7e5
22.Bf3e2 Ne5c6
23.c5 Qb6b7
24.Be2f3 Qb7a7
25.h3 Qa7xc5
26.Bf3xc6 Qc5xc6
27.Ba3xb4 axb4
28.Rb3xb4 Rb8xb4
29.Rb1xb4 h6
30.Qd2b2 Rd8c8
31.Rb4b8 Kh7
32.Rb8xc8 Qc6xc8
33.f3 Qc8c6
34.Kf2 f6
35.e4 Qc6c4
36.Ke3 Qc4a4
37.Qb2b7 Qa4a3
38.Kf4 Qa3c1
39.Kg3  { time }
1-0

[Event "Match"]
[Site "www.echecsemail.com"]
[Date "2019.05.12"]
[Round "1"]
[White "Whitekknight"]
[Black "Polskajade"]
[WhiteElo "1900"]
[BlackElo "1809"]
[Result "1-0"]
[Round "1"]
1.e4 c5
2.Ng1f3 Nb8c6
3.Bf1b5 d6
4.d4 cxd4
5.Nf3xd4 Bc8d7
6.Nd4xc6 bxc6
7.Bb5d3 Ng8f6
8.O-O g6
9.Nb1c3 Bf8g7
10.h3 O-O
11.Qd1f3  { time }
1-0

[Event "Match"]
[Site "www.echecsemail.com"]
[Date "2019.05.12"]
[Round "1"]
[White "Polskajade"]
[Black "Iko"]
[WhiteElo "1809"]
[BlackElo "1820"]
[Result "0-1"]
[Round "1"]
1.d4 d5
2.Ng1f3 Nb8c6
3.Bc1f4 Bc8g4
4.e3 Bg4xf3
5.Qd1xf3 Nc6b4
6.Qf3e2 Qd8d7
7.c4 dxc4
 { time }
0-1

[Event "Match"]
[Site "www.echecsemail.com"]
[Date "2019.05.12"]
[Round "1"]
[White "Whitekknight"]
[Black "Gambitmiau"]
[WhiteElo "1900"]
[BlackElo "1880"]
[Result "1-0"]
[Round "1"]
1.e4 Nb8c6
2.d4 d5
3.e5 Bc8f5
4.a3 e6
5.Ng1f3 Bf8e7
6.Bf1b5 Qd8d7
7.c3 h6
8.Nb1d2 a6
9.Bb5xc6 Qd7xc6
10.O-O Bf5d3
11.Rf1e1 O-O-O
12.Re1e3 Bd3b5
13.b3 f5
14.a4 f4
15.Re3e1 Bb5d3
16.Nd2f1 g5
17.Qd1xd3 g4
18.Nf3d2 h5
19.Bc1b2 h4
20.Qd3g6 Ng8h6
21.f3 Rd8g8
22.Qg6d3 Nh6f5
23.Re1e2 Qc6e8
24.c4 Qe8g6
25.Re2f2 gxf3
26.Qd3xf3 h3
27.Kh1 Nf5g3
28.hxg3 fxg3
29.Nf1xg3 hxg2
30.Kxg2 Be7h4
31.Nd2f1 Rg8f8
32.Qf3e3 Rf8xf2
33.Qe3xf2 Bh4xg3
34.Nf1xg3 Rh8g8
35.Ra1f1 Qg6e4
36.Qf2f3 Qe4c2
37.Rf1f2 Qc2b1
38.Qf3f7 Rg8h8
39.Qf7xe6 Kb8
40.Qe6f5 Qb1e1
41.cxd5 Qe1d2
42.Rf2xd2 { resign }
1-0

[Event "Tourn. n10067"]
[Site "www.echecsemail.com"]
[Date "2019.05.13"]
[Round "1"]
[White "Odin"]
[Black "Amaya"]
[WhiteElo "1900"]
[BlackElo "2090"]
[Result "0-1"]
[Round "1"]
1.Ng1f3 e6
2.c4 d5
3.cxd5 exd5
4.d4 Ng8f6
5.Bc1g5 Bf8e7
6.Nb1c3 O-O
7.Bg5xf6 Be7xf6
8.e3 Rf8e8
9.Bf1d3 Bc8g4
10.h3 Bg4h5
11.O-O c6
12.Ra1c1 Nb8d7
13.Bd3e2 Nd7b6
14.b3 Nb6c8
15.Nf3h2 Bh5g6
16.Nh2g4 Bf6g5
17.Ng4e5 Bg6f5
18.Ne5f3 Bg5f6
19.Be2d3 Bf5e6
20.e4 dxe4
21.Bd3xe4 Nc8d6
22.Be4b1 Nd6f5
23.Bb1xf5 Be6xf5
24.Rf1e1 Qd8d7
25.d5 cxd5
26.Qd1xd5 Re8xe1
27.Rc1xe1 Bf6xc3
28.Qd5xd7 Bf5xd7
29.Re1e7 Bd7c6
30.Nf3e5 Bc3xe5
31.Re7xe5 Ra8e8
32.f4 Re8xe5
33.fxe5 Kf8
34.g3 Ke7
35.Kf2 Ke6
36.Ke3 Kxe5
37.a3 a5
38.h4 b5
39.g4 h6
40.b4 axb4
41.axb4 Bc6d5
42.g5 hxg5
43.hxg5 Kf5
 { time }
0-1

[Event "Tourn. n10097"]
[Site "www.echecsemail.com"]
[Date "2019.05.13"]
[Round "1"]
[White "Cemaah"]
[Black "Obisporey"]
[WhiteElo "2410"]
[BlackElo "2620"]
[Result "0-1"]
[Round "1"]
1.e4 c5
2.Ng1f3 Nb8c6
3.d4 cxd4
4.Nf3xd4 Ng8f6
5.Nb1c3 e5
6.Nd4b5 d6
7.Bc1g5 a6
8.Nb5a3 b5
9.Nc3d5 Bf8e7
10.Bg5xf6 Be7xf6
11.c3 Nc6e7
12.Nd5xf6 gxf6
13.Bf1e2 Bc8b7
14.Be2f3 Qd8b6
15.O-O Rh8g8
16.Na3c2 f5
17.exf5 Ne7xf5
18.Nc2e1 e4
19.Bf3g4 Nf5h4
20.g3 Nh4g6
 { time }
0-1

[Event "Tourn. n10033"]
[Site "www.echecsemail.com"]
[Date "2019.05.13"]
[Round "1"]
[White "Virgil08bv"]
[Black "Jose"]
[WhiteElo "2580"]
[BlackElo "2820"]
[Result "1/2-1/2"]
[Round "1"]
1.e4 e5
2.Ng1f3 Nb8c6
3.Bf1b5 a6
4.Bb5a4 Ng8f6
5.O-O b5
6.Ba4b3 Bc8b7
7.d3 Bf8e7
8.Rf1e1 O-O
9.a4 d6
10.Nb1d2 Nc6a5
11.Bb3a2 c5
12.Nd2f1 b4
13.Nf1e3 Ra8b8
14.Ne3f5 Bb7c8
15.Nf3h4 Nf6e8
16.Nf5xe7 Qd8xe7
17.Nh4f5 Bc8xf5
18.exf5 b3
19.Ba2xb3 Na5xb3
20.cxb3 Qe7d7
21.g4 Qd7b7
22.Ra1a3 Ne8f6
23.Bc1d2 Nf6d5
24.Re1e4 g6
25.Qd1f3 f6
26.b4 cxb4
27.Ra3a1 Nd5e7
28.fxg6 hxg6
29.Kg2 a5
30.Ra1c1 g5
31.Re4c4 Qb7xf3
32.Kxf3 Kf7
33.Rc4c7 Ke6
34.d4 Ne7g6
35.Bd2e3 b3
36.d5 Kxd5
37.Rc1d1 Ke6
38.Rc7c6 e4
39.Kxe4 Rb8b4
40.Rd1d4 Rb4xd4
41.Be3xd4 Ng6e5
42.Rc6a6 Rf8c8
43.Bd4xe5 fxe5
44.Ra6xa5 d5
45.Ke3 Rc8c2
46.Ra5b5 Rc2xb2
47.Rb5b6 Kd7
48.a5 Kc7
49.Rb6b4 Kd6
50.a6 d4
51.Ke4 Rb2e2
52.Kf5 Re2xf2
53.Kxg5 Kd5
54.Rb4xb3 e4
55.Rb3a3 e3
56.a7 Rf2f8
57.a8Q Rf8xa8
58.Ra3xa8 e2
59.Ra8e8 d3
60.h4 d2
61.Re8xe2 d1Q
62.Re2f2 Ke4
63.Rf2f4 Ke3
{ draw }
1/2-1/2

[Event "Tourn. n10094"]
[Site "www.echecsemail.com"]
[Date "2019.05.13"]
[Round "1"]
[White "Esperanza"]
[Black "Cal"]
[WhiteElo "1850"]
[BlackElo "1720"]
[Result "1-0"]
[Round "1"]
1.e4 e5
2.Ng1f3 d6
3.Bf1c4 h6
4.O-O Bc8g4
5.d3 a6
6.c3 Ng8f6
7.Nb1d2 b5
8.Bc4b3 Bf8e7
9.Rf1e1 O-O
10.Nd2f1 c5
11.h3 Bg4h5
12.Nf1g3 Bh5g6
13.Nf3h4 Nf6h7
14.Nh4xg6 Rf8e8
15.Ng6xe7 Qd8xe7
16.Ng3f5 Qe7f6
17.Qd1g4 Nb8d7
18.Nf5xh6 Kh8
19.Nh6xf7 Kg8
20.Nf7xe5 c4
21.Ne5xd7 Qf6e7
22.dxc4 bxc4
23.Bb3xc4 Kh8
24.Nd7b6 Ra8b8
25.Nb6d5 Qe7e5
26.Bc1f4 Qe5e6
27.Qg4xe6 Re8xe6
28.Re1e2 Nh7f6
29.Nd5xf6 Re6xf6
30.Bf4g5 Rf6g6
31.h4 Rb8e8
32.Bc4f7 Rg6xg5
33.hxg5 Re8e5
34.f4 Re5b5
35.g6 Rb5h5
36.Re2d2 Rh5h4
37.Rd2xd6 Rh4xf4
38.Rd6d8 { resign }
1-0

[Event "Tourn. n10108"]
[Site "www.echecsemail.com"]
[Date "2019.05.14"]
[Round "1"]
[White "Cathar"]
[Black "Pdebonis"]
[WhiteElo "2180"]
[BlackElo "2710"]
[Result "0-1"]
[Round "1"]
1.d4 Ng8f6
2.c4 e6
3.g3 d5
4.Ng1f3 Bf8b4
5.Bc1d2 Bb4e7
6.Bf1g2 O-O
7.O-O c6
8.Qd1c2 a5
9.Bd2f4 Nb8d7
10.Rf1d1 b5
11.Nf3e5 Bc8b7
12.c5 Nd7xe5
13.Bf4xe5 Nf6d7
14.Be5f4 g5
15.Bf4d2 Be7f6
16.Bd2e1 Bf6g7
17.e4 dxe4
18.Qc2xe4 Nd7xc5
19.Qe4c2 Nc5a6
20.Nb1c3 Qd8e7
21.Nc3e4 a4
22.a3 Ra8d8
23.Be1c3 f5
{ resign }
0-1

[Event "Tourn. n10103"]
[Site "www.echecsemail.com"]
[Date "2019.05.14"]
[Round "1"]
[White "Cathar"]
[Black "Rons"]
[WhiteElo "2200"]
[BlackElo "2630"]
[Result "0-1"]
[Round "1"]
1.d4 Ng8f6
2.c4 e6
3.g3 d5
4.Ng1f3 Bf8b4
5.Bc1d2 Bb4e7
6.Bf1g2 c6
7.Qd1c2 b6
8.O-O Nb8d7
9.Rf1d1 O-O
10.Bd2f4 Bc8b7
11.Nf3e5 Nf6h5
12.Bf4d2 Nh5f6
13.cxd5 cxd5
14.Ne5c6 Bb7xc6
15.Qc2xc6 Ra8c8
16.Qc6b5 Nd7b8
17.Nb1c3 a6
18.Qb5d3 b5
19.Ra1c1 Nb8c6
20.e3 Qd8b6
21.a4 b4
22.Nc3e2 h6
23.Bg2f1 Be7d6
24.Rc1c2 b3
25.Rc2c3 Rc8b8
26.Ne2c1 Nc6b4
27.Qd3e2 Nb4a2
28.Nc1xa2 bxa2
29.b3 Nf6e4
30.Rc3d3 Bd6b4
31.Bd2xb4 Qb6xb4
{ resign }
0-1

[Event "Tourn. n10131"]
[Site "www.echecsemail.com"]
[Date "2019.05.14"]
[Round "1"]
[White "Fantomas"]
[Black "Bojan"]
[WhiteElo "2230"]
[BlackElo "2140"]
[Result "1-0"]
[Round "1"]
1.e4 e5
2.Ng1f3 Nb8c6
3.d4 exd4
4.Nf3xd4 Nc6xd4
5.Qd1xd4 c6
6.Bf1c4 b6
7.O-O Bf8c5
8.Qd4xg7 Qd8f6
9.Bc4xf7 Qf6xf7
10.Qg7xh8 Bc5e7
11.Qh8d4 Bc8a6
12.Rf1e1 Be7c5
13.Qd4e5 Kd8
14.Qe5g3 Kc8
15.Bc1e3 Bc5e7
16.Nb1d2 Ng8f6
17.Qg3f3 Qf7g7
18.Be3d4 Ba6b7
19.Qf3f5 Kc7
20.f3 Ra8f8
21.Qf5h3 Qg7f7
22.Nd2c4 d6
23.e5 Bb7c8
24.Qh3h6 Nf6g8
25.exd6 Kb7
26.Qh6e3 Be7h4
27.Nc4e5 Qf7d5
28.Re1d1 Rf8f5
29.Bd4c3 Qd5e6
30.d7 Kc7
31.dxc8Q Kxc8
32.Rd1d3 Ng8f6
33.Qe3h6 Rf5h5
34.Qh6f8 Nf6e8
35.Rd3d6 { resign }
1-0

[Event "Match"]
[Site "www.echecsemail.com"]
[Date "2019.05.14"]
[Round "1"]
[White "Tbsundar"]
[Black "Apdash"]
[WhiteElo "2150"]
[BlackElo "2160"]
[Result "1-0"]
[Round "1"]
1.d4 d5
2.c4 c6
3.e3 e6
4.Ng1f3 Ng8f6
5.Nb1d2 dxc4
6.Bf1xc4 b5
7.Bc4d3 Bc8b7
8.a3 Nb8d7
9.b4 a5
10.Bc1b2 axb4
11.a4 Ra8xa4
12.Ra1xa4 bxa4
13.Qd1xa4 Qd8b6
14.Nd2c4 Qb6c7
15.O-O Bf8e7
16.Nc4e5 O-O
17.Rf1c1 Rf8a8
18.Qa4c2 h6
19.Ne5xc6 Qc7d6
20.Nc6xe7 Qd6xe7
21.Nf3e5 Nd7xe5
22.dxe5 Nf6d5
23.h3 Qe7g5
24.f4 Qg5g3
25.Qc2f2 Qg3xe3
26.Qf2xe3 Nd5xe3
27.g4 g6
28.Rc1c7 Bb7d5
29.Bb2d4 Ne3d1
30.Bd3c2 Bd5f3
31.f5 Ra8a2
32.fxg6 fxg6
33.Bc2xg6 Ra2g2
34.Kf1 Rg2h2
35.Bg6f7 Kh8
36.Bf7xe6 Rh2h1
37.Bd4g1 Rh1xh3
38.g5 Rh3h4
39.g6 { resign }
1-0

[Event "Match"]
[Site "www.echecsemail.com"]
[Date "2019.05.14"]
[Round "1"]
[White "Polskajade"]
[Black "Chapi"]
[WhiteElo "1809"]
[BlackElo "2050"]
[Result "0-1"]
[Round "1"]
1.c4 g6
2.d4 Bf8g7
3.Ng1f3 Ng8f6
4.Nb1c3 O-O
5.e4 b6
6.h3 Bc8b7
7.Bf1d3 Nb8c6
8.e5 Nf6e8
9.Bd3e4 d6
10.O-O Ra8b8
11.Bc1g5 h6
 { time }
0-1

[Event "Tourn. n10081"]
[Site "www.echecsemail.com"]
[Date "2019.05.14"]
[Round "1"]
[White "Yakke"]
[Black "Eugenius"]
[WhiteElo "1780"]
[BlackElo "1729"]
[Result "0-1"]
[Round "1"]
1.e4 e5
2.Ng1f3 Nb8c6
3.Bf1b5 d6
4.Bb5xc6 bxc6
5.Nb1c3 Ng8f6
6.h3 Bf8e7
7.d4 exd4
8.Nf3xd4 Bc8d7
9.Bc1g5 Nf6xe4
10.Nc3xe4 Be7xg5
11.O-O O-O
12.Nd4f3 Bg5f6
13.c3 g6
14.Rf1e1 Bf6g7
15.Ne4g5 Ra8b8
16.b4 Bg7xc3
17.Qd1b3 Bc3xa1
18.Re1xa1 Qd8f6
19.Ra1e1 a5
20.a3 axb4
21.axb4 c5
22.Qb3c4 Rb8xb4
23.Qc4d5 Qf6f5
24.Re1d1 Qf5xd5
25.Rd1xd5 h6
26.Ng5xf7 Rf8xf7
27.Nf3h4 Rb4xh4
28.Rd5d3 Rh4d4
29.Rd3g3 Rd4d1
30.Kh2 Rf7xf2
31.Rg3xg6 Kh7
32.Rg6g3 Bd7c6
33.Rg3g4 Rd1d2
34.Rg4g3 Rf2xg2
35.Rg3xg2 Rd2xg2
36.Kh1 c4
37.h4 c3
38.h5 Rg2d2
39.Kg1 c2
40.Kf1 c1Q

0-1

[Event "Tourn. n10088"]
[Site "www.echecsemail.com"]
[Date "2019.05.14"]
[Round "1"]
[White "Numanoid"]
[Black "Reignblowcan"]
[WhiteElo "2750"]
[BlackElo "2600"]
[Result "1-0"]
[Round "1"]
1.d4 Ng8f6
2.Bc1g5 d5
3.Bg5xf6 gxf6
4.c4 dxc4
5.e3 Rh8g8
6.g3 c5
7.d5 b5
8.Nb1c3 Nb8d7
9.Ng1f3 Ra8b8
10.Qd1c2 Bf8g7
11.Bf1h3 b4
12.Nc3e2 Nd7b6
13.Bh3xc8 Qd8xc8
14.Ra1d1 f5
15.O-O Kf8
16.Ne2f4 Bg7f6
17.e4 fxe4
18.Qc2xe4 Bf6xb2
19.Rf1e1 Qc8d7
20.Qe4xh7 { resign }
1-0

[Event "Tourn. n10088"]
[Site "www.echecsemail.com"]
[Date "2019.05.14"]
[Round "1"]
[White "Reignblowcan"]
[Black "Dougbeer"]
[WhiteElo "2590"]
[BlackElo "2570"]
[Result "1-0"]
[Round "1"]
1.c4 e6
2.g3 f5
3.Bf1g2 Ng8f6
4.Ng1f3 Bf8e7
5.O-O O-O
6.d4 d6
7.Nb1c3 Qd8e8
8.b4 a5
9.b5 Nb8d7
10.Nc3a4 e5
11.c5 exd4
12.cxd6 Be7xd6
13.Nf3xd4 Nf6e4
14.Qd1c2 Nd7f6
15.f3 Bd6e5
16.Rf1d1 Ne4d6
17.Ra1b1 Rf8f7
18.Nd4c6 bxc6
19.f4 Nf6e4
20.fxe5 Nd6xb5
21.g4 g6
22.gxf5 gxf5
23.Bg2xe4 fxe4
24.Rb1b3 Rf7g7
25.Rb3g3 Bc8e6
26.Na4c5 Be6d5
27.Bc1f4 Qe8f7
28.e3 Rg7xg3
29.hxg3 Ra8b8
30.Rd1c1 Nb5a3
31.Qc2e2 Qf7e7
32.Bf4h6 Kh8
33.e6 Bd5xe6
34.Qe2e1 Qe7f6
35.Bh6f4 Be6f5
36.Nc5b3 Bf5h3
37.Nb3d4 Na3b5
38.Nd4xc6 Kg8
39.Qe1e2 Rb8b6
40.Qe2h5 Bh3d7
41.Bf4e5 { resign }
1-0

[Event "Tourn. n10122"]
[Site "www.echecsemail.com"]
[Date "2019.05.14"]
[Round "1"]
[White "Eugenius"]
[Black "Fegatux"]
[WhiteElo "2000"]
[BlackElo "2270"]
[Result "1-0"]
[Round "1"]
1.d4 Ng8f6
2.c4 e6
3.Nb1c3 c5
4.d5 exd5
5.cxd5 d6
6.e4 g6
7.Ng1f3 Bf8g7
8.h3 O-O
9.Bf1d3 Rf8e8
10.O-O a6
11.a4 Nb8d7
12.Rf1e1 Ra8b8
13.Bc1f4 Qd8c7
14.Bd3c4 Nd7b6
15.Bc4f1 Nf6h5
16.Bf4h2 Nb6d7
17.g4 Nh5f6
18.a5 b6
19.axb6 Qc7xb6
20.e5 dxe5
21.Nf3xe5 Nd7xe5
22.Bh2xe5 Rb8a8
23.Nc3a4 Qb6a5
24.Be5xf6 Re8xe1
25.Qd1xe1 Qa5xe1
26.Ra1xe1 Bg7xf6
27.Na4b6 Ra8b8
28.Re1e8 Kg7
29.Nb6xc8 Rb8xb2
30.Bf1xa6 Bf6d4
31.Re8e2 Rb2b1
32.Kg2 Rb1a1
33.d6 Ra1xa6
34.g5 { resign }
1-0

[Event "Tourn. n10128"]
[Site "www.echecsemail.com"]
[Date "2019.05.14"]
[Round "1"]
[White "Yudoka"]
[Black "Rons"]
[WhiteElo "2400"]
[BlackElo "2630"]
[Result "0-1"]
[Round "1"]
1.d4 Ng8f6
2.c4 e6
3.Ng1f3 d5
4.Nb1c3 Bf8e7
5.Bc1f4 O-O
6.e3 b6
7.Ra1c1 Bc8b7
8.cxd5 Nf6xd5
9.Nc3xd5 Qd8xd5
10.Bf1c4 Qd5a5
11.Ke2 c5
12.dxc5 Rf8d8
13.Qd1b3 Nb8d7
14.Rh1d1 Nd7xc5
15.Qb3b5 Rd8xd1
16.Kxd1 Bb7xf3
{ resign }
0-1

[Event "Tourn. n10131"]
[Site "www.echecsemail.com"]
[Date "2019.05.15"]
[Round "1"]
[White "Mitja"]
[Black "Fantomas"]
[WhiteElo "2040"]
[BlackElo "2230"]
[Result "0-1"]
[Round "1"]
1.d4 c6
2.e3 d5
3.c3 Bc8f5
4.h3 h6
5.Ng1f3 Ng8f6
6.b3 e6
7.Bc1b2 Nb8d7
8.Bf1e2 Bf8d6
9.Nf3h4 Bf5h7
10.Nh4f3 O-O
11.O-O e5
12.dxe5 Nd7xe5
13.Nf3xe5 Bd6xe5
14.Nb1d2 Be5c7
15.Nd2f3 Qd8d6
16.Qd1d4 Bh7e4
{ resign }
0-1

[Event "Tourn. n10078"]
[Site "www.echecsemail.com"]
[Date "2019.05.15"]
[Round "1"]
[White "Szustan"]
[Black "Reignblowcan"]
[WhiteElo "2540"]
[BlackElo "2560"]
[Result "0-1"]
[Round "1"]
1.e4 c5
2.c3 d5
3.exd5 Qd8xd5
4.d4 g6
5.Ng1f3 Bf8g7
6.Bc1e3 Ng8f6
7.Nb1d2 cxd4
8.Nf3xd4 Nb8c6
9.Qd1f3 Nc6e5
10.Bf1b5 Kf8
11.Qf3xd5 Nf6xd5
12.O-O Nd5xe3
13.fxe3 Bg7h6
14.Ra1e1 f6
15.Nd2f3 Ne5xf3
16.Rf1xf3 e5
17.Nd4c2 Kg7
18.Bb5c4 Bc8g4
19.Rf3f1 Ra8d8
20.h3 Bg4c8
21.e4 Bh6g5
22.Bc4d5 f5
23.c4 Rh8e8
24.Rf1f3 h5
25.Re1e2 Bg5e7
26.b4 f4
27.c5 g5
28.Rf3c3 g4
29.Nc2e1 Bc8d7
30.Bd5xb7 Bd7b5
31.Re2c2 Be7h4
32.Rc2c1 Rd8d2
33.c6 Rd2e2
34.c7 Bh4xe1
35.c8Q Re8xc8
36.Rc3xc8 Be1f2
37.Kh1 Bf2e3
38.Rc8c7 Kf6
39.hxg4 Be3xc1
40.g5 Kxg5
41.Rc7xc1 Re2b2
42.Bb7d5 Kh4
{ resign }
0-1

[Event "Tourn. n10078"]
[Site "www.echecsemail.com"]
[Date "2019.05.15"]
[Round "1"]
[White "Szustan"]
[Black "Pdebonis"]
[WhiteElo "2540"]
[BlackElo "2700"]
[Result "1/2-1/2"]
[Round "1"]
1.e4 e5
2.Ng1f3 Nb8c6
3.Nb1c3 Ng8f6
4.d4 exd4
5.Nc3d5 Nc6b4
6.Nd5xf6 Qd8xf6
7.Bf1c4 Bf8c5
8.O-O d6
9.e5 dxe5
10.Bc1g5 Qf6d6
11.Nf3xe5 Bc8e6
12.Rf1e1 O-O
13.a3 Nb4c6
14.Bc4xe6 Qd6xe6
15.Ne5d3 Qe6g6
16.Bg5f4 Bc5d6
17.Bf4xd6 Qg6xd6
18.Qd1f3 Ra8e8
19.Re1e4 Re8xe4
20.Qf3xe4 g6
21.Ra1e1 a5
22.h4 h5
23.Qe4f3 a4
24.g4 hxg4
25.Qf3xg4 Kg7
26.h5 Rf8h8
27.Nd3f4 Nc6e5
28.Qg4g3 Qd6f6
29.hxg6 fxg6
30.Nf4e6 Qf6xe6
31.Qg3xe5 Qe6xe5
32.Re1xe5 Rh8h5
33.Re5e7 Kf6
34.Re7xc7 Rh5b5
35.Rc7c4 Rb5xb2
36.Rc4xa4 Ke5
37.Ra4c4 Rb2a2
{ draw }
1/2-1/2

[Event "Tourn. n10063"]
[Site "www.echecsemail.com"]
[Date "2019.05.15"]
[Round "1"]
[White "Numanoid"]
[Black "Szustan"]
[WhiteElo "2690"]
[BlackElo "2540"]
[Result "1/2-1/2"]
[Round "1"]
1.e4 e5
2.Ng1f3 Nb8c6
3.d4 exd4
4.Nf3xd4 Ng8f6
5.Nd4xc6 bxc6
6.e5 Qd8e7
7.Qd1e2 Nf6d5
8.c4 Nd5b6
9.Nb1c3 Qe7e6
10.Qe2e4 Bc8a6
11.b3 Bf8b4
12.Bc1d2 Bb4xc3
13.Bd2xc3 d5
14.Qe4h4 dxc4
15.Ra1c1 O-O
16.Bf1e2 f6
17.O-O Nb6d5
18.Qh4g3 Nd5xc3
19.Qg3xc3 Ra8d8
20.h3 h6
21.Rf1e1 fxe5
22.Qc3a5 c5
23.Be2xc4 Ba6xc4
24.Rc1xc4 Qe6b6
25.Qa5c3 Rd8d5
26.Re1xe5 Rd5d1
27.Re5e1 Qb6d6
28.Rc4e4 c6
29.Re1xd1 Qd6xd1
30.Re4e1 Qd1d6
31.g3 Qd6d4
32.Qc3e3 Qd4b2
33.Qe3e6 Kh8
34.Re1e2 Qb2d4
35.Qe6e3 { draw }
1/2-1/2

[Event "Tourn. n10125"]
[Site "www.echecsemail.com"]
[Date "2019.05.15"]
[Round "1"]
[White "Bojan"]
[Black "Apdash"]
[WhiteElo "2000"]
[BlackElo "2100"]
[Result "0-1"]
[Round "1"]
1.d4 Ng8f6
2.Nb1c3 d5
3.e4 dxe4
4.h3 b6
5.Ng1e2 Bc8b7
6.Ne2g3 e6
7.a3 Bf8d6
8.Bf1b5 Nb8d7
9.O-O O-O
10.Rf1e1 Bd6xg3
11.fxg3 c6
12.Bb5c4 a6
13.Nc3xe4 Nf6xe4
14.Re1xe4 c5
15.Re4g4 Kh8
16.Bc1e3 b5
17.Bc4e2 f5
18.Rg4f4 c4
19.c3 Nd7f6
20.Be2f3 Nf6d5
21.Bf3xd5 Bb7xd5
22.Qd1e2 a5
23.Qe2d1 Qd8c7
24.g4 fxg4
25.Qd1xg4 Rf8f6
26.Rf4xf6 gxf6
27.Be3f4 Qc7f7
28.Bf4d6 Ra8g8
29.Qg4f4 Rg8xg2
30.Kf1 Qf7g6
31.Ra1e1 Rg2g1
32.Ke2 Qg6d3
33.Kf2 Rg1g2
{ resign }
0-1